Michigan Cities Quiz Stats

 Plays Quiz Updated Apr 9, 2018

Score 0/20 Timer 06:00
20 Plays Today
Rank City % Correct
1Detroit
99.3%
6Lansing
87%
5Ann Arbor
77.6%
2Grand Rapids
70.8%
7Flint
69.1%
13Kalamazoo
55.4%
8Dearborn
38.5%
3Warren
34.5%
19Pontiac
32.6%
9Livonia
27.8%
Rank City % Correct
10Troy
27%
4Sterling Heights
26.4%
20Novi
24.6%
12Farmington Hills
18.9%
16Southfield
18.7%
15Rochester Hills
15.5%
11Westland
11.5%
17Taylor
11.4%
14Wyoming
11.3%
18St. Clair Shores
8.7%

You're not logged in!

Compare scores with friends on all Sporcle quizzes.
OR
Log In

Sporcle TV

Today on Sporcle TV


Watch our educational content, quiz creation guides, and fun videos on Sporcle TV.

Show Comments

Extras

Top Quizzes Today


Score Distribution

Your Account Isn't Verified!

In order to create a playlist on Sporcle, you need to verify the email address you used during registration. Go to your Sporcle Settings to finish the process.

Report this User

Report this user for behavior that violates our Community Guidelines.

Details: